ABBA Songs - Statistics

General Stats
  • This quiz has been taken 45 times
  • The average score is 37 of 102
Answer Stats
Album Song % Correct
Waterloo Waterloo
95%
Super Trouper Super Trouper
89%
Voulez-Vous Voulez-Vous
89%
Ring Ring Ring Ring - English Version
86%
Arrival Dancing Queen
84%
Abba Mamma Mia
81%
Super Trouper The Winner Takes It All
81%
Voulez-Vous Gimme! Gimme! Gimme! (A Man After Midnight)
78%
Arrival Fernando
76%
Voulez-Vous Does Your Mother Know
68%
Abba S.O.S
68%
Arrival Money, Money, Money
65%
Abba The Album Thank You For The Music
65%
Arrival Knowing Me, Knowing You
59%
The Visitors The Visitors
59%
Voulez-Vous Chiquitita
57%
Super Trouper Lay All Your Love On Me
57%
Abba The Album Take A Chance On Me
57%
Arrival When I Kissed The Teacher
57%
Arrival Arrival
51%
Voulez-Vous I Have A Dream
51%
Waterloo Honey, Honey
49%
The Visitors One Of Us
49%
Abba The Album The Name Of The Game
49%
Voulez-Vous Angel Eyes
46%
Abba I Do, I Do, I Do, I Do, I Do
46%
The Visitors Slipping Through My Fingers
46%
Super Trouper Andante, Andante
43%
Arrival Why Did It Have To Be Me?
43%
Arrival My Love, My Life
41%
Voulez-Vous Kisses Of Fire
38%
Ring Ring Me And Bobby and Bobby's Brother
38%
Super Trouper Our Last Summer
38%
The Visitors The Day Before You Came
38%
Arrival Tiger
38%
Ring Ring Another Town, Another Train
35%
Super Trouper Happy New Year
35%
Super Trouper On And On And On
35%
Ring Ring People Need Love
35%
Voulez-Vous Summer Night City
35%
Abba The Album Eagle - Long Version
32%
Ring Ring He Is Your Brother
32%
Abba I've Been Waiting For You
32%
Waterloo King Kong Song
32%
Ring Ring Love Isn't Easy ( But It Sure Is Hard Enough)
32%
Ring Ring Nina, Pretty Ballerina
32%
The Visitors When All Is Said And Done
32%
Arrival Dum Dum Diddle
30%
Waterloo Hasta Manana
30%
Abba Hey, Hey Helen
30%
Voulez-Vous If It Wasn't For The Nights
30%
Abba The Album I'm A Marionette
30%
Abba The Album I Wonder (Departure)
30%
Waterloo Sitting In The Palmtree
30%
Super Trouper The Piper
30%
The Visitors Under Attack
30%
Voulez-Vous As Good As New
27%
Waterloo Dance (While The Music Still Goes On)
27%
Ring Ring Disillusion
27%
Arrival Happy Hawaii
27%
The Visitors Head Over Heels
27%
Abba Intermezzo No.1
27%
Voulez-Vous Lovelight - Original Version
27%
Voulez-Vous Lovers (Live A Little Longer)
27%
Abba The Album One Man, One Woman
27%
The Visitors Soldiers
27%
Arrival That's Me
27%
Voulez-Vous The King Has Lost His Crown
27%
Super Trouper The Way Old Friends Do - Live At Wembley Arena, London, England / 1979
27%
Waterloo Watch Out
27%
Abba Bang-A-Boomerang
24%
The Visitors Cassandra
24%
Super Trouper Elaine
24%
Abba The Album Hole In Your Soul
24%
Ring Ring I am Just A Girl
24%
Ring Ring I Saw It In The Mirror
24%
Super Trouper Me And I
24%
Abba Rock Me
24%
The Visitors Two For The Price Of ONe
24%
Abba Crazy World
22%
Abba Medley: Pick A Bale Of Cotton
22%
Ring Ring Merry-Go-Round
22%
Abba The Album Move On
22%
Waterloo My Mama Said
22%
Ring Ring Ring Ring - Swedish Version
22%
Ring Ring She's My Kind Of Girl
22%
Abba So Long
22%
Abba Tropical Loveland
22%
Waterloo What About Livingstone
22%
Waterloo Gonna Sing You My Love Song
19%
The Visitors I Let The Music Speak
19%
The Visitors Like An Angel Passing Through My Room
19%
Super Trouper Put On Your White Sombrero
19%
Ring Ring Rock'N'Roll Band
19%
Ring Ring Santa Rosa
19%
The Visitors Should I Laugh Or Cry
19%
Waterloo Suzy-Hang-Around
19%
Abba Man In The Middle
14%
Waterloo Waterloo - Swedish Version
14%
Waterloo Honey Honey - Swedish Version
3%
Waterloo Ring Ring - US Remix
0%
Abba The Album Thank You For The Music - Doris Day Mix
0%
No matching quizzes found
Score Distribution
Percent of People with Each Score
Percentile by Number Answered
Your Score History
You have not taken this quiz